MyGZULibrary

Dzino : (Record no. 788)

MARC details
000 -LEADER
fixed length control field 01391cam a2200361 a 4500
001 - CONTROL NUMBER
control field 16956628
003 - CONTROL NUMBER IDENTIFIER
control field GZU
005 - DATE AND TIME OF LATEST TRANSACTION
control field 20200914111047.0
008 - FIXED-LENGTH DATA ELEMENTS--GENERAL INFORMATION
fixed length control field 110910s2011 rh b b 001 0 eng
010 ## - LIBRARY OF CONGRESS CONTROL NUMBER
LC control number 2011349484
020 ## - INTERNATIONAL STANDARD BOOK NUMBER
International Standard Book Number 9781779221438
040 ## - CATALOGING SOURCE
Original cataloging agency DLC
Transcribing agency DLC
Modifying agency DLC
042 ## - AUTHENTICATION CODE
Authentication code pcc
-- lcode
043 ## - GEOGRAPHIC AREA CODE
Geographic area code f-rh---
050 00 - LIBRARY OF CONGRESS CALL NUMBER
Classification number DT2990
Item number .M52 2011
100 1# - MAIN ENTRY--PERSONAL NAME
Personal name Mhanda, Wilfred,
Dates associated with a name 1950-
245 10 - TITLE STATEMENT
Title Dzino :
Remainder of title memories of a freedom fighter /
Statement of responsibility, etc. Wilfred Mhanda.
260 ## - PUBLICATION, DISTRIBUTION, ETC.
Place of publication, distribution, etc. Harare, Zimbabwe :
Name of publisher, distributor, etc. Weaver Press,
Date of publication, distribution, etc. 2011.
300 ## - PHYSICAL DESCRIPTION
Extent xix, 308 p. :
Other physical details maps ;
Dimensions 21 cm.
504 ## - BIBLIOGRAPHY, ETC. NOTE
Bibliography, etc. note Includes bibliographical references (p. 291-294) and index.
600 10 - SUBJECT ADDED ENTRY--PERSONAL NAME
Personal name Mhanda, Wilfred,
Dates associated with a name 1950-
600 10 - SUBJECT ADDED ENTRY--PERSONAL NAME
Personal name Mugabe, Robert Gabriel,
Dates associated with a name 1924-
610 20 - SUBJECT ADDED ENTRY--CORPORATE NAME
Corporate name or jurisdiction name as entry element Zimbabwe People's Army.
610 20 - SUBJECT ADDED ENTRY--CORPORATE NAME
Corporate name or jurisdiction name as entry element Zimbabwe African National Liberation Army.
610 20 - SUBJECT ADDED ENTRY--CORPORATE NAME
Corporate name or jurisdiction name as entry element ZANU-PF (Organization : Zimbabwe)
650 #0 - SUBJECT ADDED ENTRY--TOPICAL TERM
Topical term or geographic name entry element National liberation movements
Geographic subdivision Zimbabwe
General subdivision History
Chronological subdivision 20th century.
651 #0 - SUBJECT ADDED ENTRY--GEOGRAPHIC NAME
Geographic name Zimbabwe
General subdivision History
Chronological subdivision Chimurenga War, 1966-1980
Form subdivision Personal narratives.
651 #0 - SUBJECT ADDED ENTRY--GEOGRAPHIC NAME
Geographic name Zimbabwe
General subdivision Politics and government
Chronological subdivision 1965-1979.
856 41 - ELECTRONIC LOCATION AND ACCESS
Materials specified Table of contents only
Uniform Resource Identifier <a href="http://www.loc.gov/catdir/toc/fy13pdf02/2011349484.html">http://www.loc.gov/catdir/toc/fy13pdf02/2011349484.html</a>
906 ## - LOCAL DATA ELEMENT F, LDF (RLIN)
a 7
b cbc
c origode
d 2
e ncip
f 20
g y-gencatlg
942 ## - ADDED ENTRY ELEMENTS (KOHA)
Source of classification or shelving scheme Library of Congress Classification
Koha item type Books
Classification part 2990
Item part MHA
Call number prefix 20111
Holdings
Withdrawn status Lost status Damaged status Not for loan Collection code Home library Current library Shelving location Date acquired Total Checkouts Total Renewals Full call number Barcode Date last seen Date last checked out Copy number Price effective from Koha item type Inventory number
        Non-fiction City Campus Library City Campus Library General Stacks 09/14/2020 6 2 DT 2988 MHA 2011 014384 11/17/2025 10/27/2025 c.1 09/14/2020 Books  
        Non-fiction Mashava Campus Library Mashava Campus Library General Stacks 05/06/2021 2 1 DT2988 MHA 2011 014383 10/01/2024 09/19/2024 c.2 05/06/2021 Books 12084